02253cam a2200361 a 450000100090000000300040000900500170001300800410003001000170007102000240008802000210011203500130013304000180014605000210016408200140018510000360019924500970023526000460033230000420037833600260042033700280044633800270047450400530050150509860055463000240154063000590156465000340162365000240165790600450168194200120172699900170173895201360175516032367OSt20260318123047.0091222s2010 njuag b 001 0 eng  a 2009053316 a9781596381728qpbk. a0596381728qpbk. a16032367 aDLCcDLCdDLC00aBV310b.O36 201000a221.62221 aO'Donnell, Douglas Sean,d1972-10aGod's lyrics :brediscovering worship through Old Testament songs /cDouglas Sean O'Donnell. aPhillipsburg, N.J. :bP & R Pub.,cc2010. axxii, 211 p. :bill., music ;c22 cm. atextbtxt2rdacontent aunmediatedbn2rdamedia avolumebnc2rdacarrier aIncludes bibliographical references and indexes.0 aA lost treasure -- The song of Moses : Te Deum of triumph (Ex. 15:1/21) -- The song of Yahweh : an exodus from Israel's apostasy (Deut. 32:1/43) -- The song of Deborah : a punctured temple, a pouring out of joy (Judg. 5) -- The songs in Samuel : the barren woman and the fertile king (1 Sam. 2:1-10; 2 Sam. 22) -- The song of Habakkuk : a time to wait ... for wrath (Hab. 3) -- Come, Christians, join to sing! -- Lord-centered : magnifying God -- The acts of the Lord : recalling salvation history -- Joy over justice : rejoicing in God's just judgments -- Practical wisdom : exhorting us to godliness -- Postlude and prelude : an introduction and an invitation -- "My strength, my song, my salvation" (Ex. 15) -- "Why should you now not adore Him?" (Deut. 32) -- "God of triumph" (Judg. 5) -- "Our king, God does exalt" (1 Sam. 2:1/10) -- "Though the fig trees blossom not" (Hab. 3) -- "Worthy, thou, O Christ" (Rev. 5:9/11) -- The top songs sung in American churches, 2000-2008.00aBiblexUse in hymns00aBible.pOld TestamentxCriticism, interpretation, etc. 0aHymnsxHistory and criticism. 0aHymns in the Bible. a7bcbccorignewd1eecipf20gy-gencatlg 2lcccBK c21549d21548 00102lcc70aKABUbKABUcGENd2026-03-18eDonationi2025/l0oBV310 .O36 2010 C.1p39275r2026-03-18 12:32:04tC.1w2026-03-18yBK